Marketingová koncepcia manažmentu firmy
Marketing a jeho význam pre podnik. Moderný marketingový prístup k riadeniu firiem s orientáciou na trh. Marketing ako moderný prostriedok na zvyšovanie ekonomickej a sociálnej účinnosti väzieb medzi firmou a trhom. Definície marketingu podľa vybraných autorov. Dve marketingové koncepcie.
Salvato in:
| Autore principale: | |
|---|---|
| Natura: | Capitolo di libro |
| Lingua: | slovacco |
| Soggetti: | |
| Tags: |
Nessun Tag, puoi essere il primo ad aggiungerne!!
|
MARC
| LEADER | 00000naa$a2200000$$$4500 | ||
|---|---|---|---|
| 001 | 0246085 | ||
| 005 | 20220817083644.1 | ||
| 041 | 0 | |a slo | |
| 044 | |a SK | ||
| 245 | 1 | 0 | |a Marketingová koncepcia manažmentu firmy |c Antonín Korauš |
| 520 | |a Marketing a jeho význam pre podnik. Moderný marketingový prístup k riadeniu firiem s orientáciou na trh. Marketing ako moderný prostriedok na zvyšovanie ekonomickej a sociálnej účinnosti väzieb medzi firmou a trhom. Definície marketingu podľa vybraných autorov. Dve marketingové koncepcie. | ||
| 610 | 2 | 0 | |a marketing |
| 610 | 2 | 0 | |a marketing manažment |
| 610 | 2 | 0 | |a firmy |
| 610 | 2 | 0 | |a zákazníci |
| 610 | 2 | 0 | |a trh |
| 100 | 1 | |a Korauš, Antonín | |